|
|
|
|
| LEADER |
00000nam a2200000 a 4500 |
| 001 |
vtls008386762 |
| 003 |
SK-MaSNL |
| 005 |
20260302074708.0 |
| 008 |
251124s1920 xo slo |
| 015 |
|
|
|a SKSNBA19191938-007673
|
| 035 |
|
|
|a SK01SNKBSKHR20010078979
|
| 035 |
|
|
|a SKM000081442
|
| 040 |
|
|
|a SNK
|b slo
|c SNK
|e AACR2
|
| 041 |
1 |
|
|a slo
|
| 044 |
|
|
|a xo
|
| 080 |
|
|
|a 82-2
|2 1981
|
| 245 |
1 |
0 |
|a Na trón povýšenie
|b obraz zo života v jednom dejstve
|
| 260 |
|
|
|a [S.l.]
|b [s.n.]
|c 1920
|e Trnava
|f Lev
|
| 300 |
|
|
|a 16 s.
|c 8°
|
| 500 |
|
|
|a Pozn.
|
| 500 |
|
|
|a Ob. tit.
|
| 650 |
0 |
7 |
|a hry divadelné
|x jednoaktovky
|2 SNK
|9 445144
|
| 655 |
|
7 |
|a umelecká literatúra
|2 SNKPH
|9 60405
|
| 852 |
|
|
|a Slovenská národná knižnica v Martine
|b 10000
|h MS SD 13060
|
| 852 |
|
|
|a Slovenská národná knižnica v Martine
|b 10000
|h MS SG 133
|
| 852 |
|
|
|a Univerzitná knižnica v Bratislave
|b 300000
|h SG 1138
|
| 958 |
|
|
|a RK
|
| 958 |
|
|
|a TL
|
| 999 |
|
|
|c 1166096
|d 1168026
|
| 952 |
|
|
|a SNK
|b SNK
|y PREZ
|7 0
|p 17A0500555
|o snkSD 13060
|i snk1067/57
|0 0
|1 0
|4 0
|d 2006-03-13
|l 0
|r 2025-11-26 00:00:00
|w 2026-02-24
|